000 00950nam a2200205Ia 4500
003 Ost
005 20260507075751.0
008 260507s9999||||xx |||||||||||||| ||und||
040 _cfsecg
041 _aara
082 _a657
100 _aبن ربيع، حنيفة
_eمؤلف
245 0 _aالواضح في المحاسبة القطاعية :
_bالبناء والأشغال العمومية /
_c حنيفة بن ربيع
260 _aالجزائر:
_b,
_c2023
300 _a159 صفحة؛
_bإيضاحات ؛
_c24 سم
504 _aببليوغرافيا: ص ص.156-158
520 _aيحتوي هذا الكتاب على مايلي: مدخل لنشاط قطاع المقاولات،أساسيات محاسبة قطاع المقاولات، التسجيلات المحاسبية وفق إجراء تنفيذ عقود المقاولات، ومع تمارين تطبيقية محلولة.
653 _aالمحاسبة
942 _cكتاب
999 _c46225
_d46225